[Event "19th Dortmund Meeting"]
[Site "Dortmund GER"]
[Date "1991.??.??"]
[Round "1"]
[White "Chernin, Alexander"]
[Black "Razuvaev, Yury"]
[WhiteElo "2610"]
[BlackElo "2585"]
[Result "1/2-1/2"]
[EventDate "1991.03.23"]
[PlyCount "60"]

1.d4 Nf6 2.c4 e6 3.Nf3 b6 4.g3 Bb7 5.Bg2 Be7 6.O-O O-O 7.Nc3 Ne4 8.Qc2 
Nxc3 9.Qxc3 f5 10.d5 Bf6 11.Qc2 Na6 12.Ne1 Nc5 13.Be3 Ne4 14.Rd1 Qe7 15.
Bxe4 fxe4 16.Ng2 exd5 17.cxd5 c5 18.dxc6 dxc6 19.Qc4+ Qf7 20.Qxf7+ Rxf7 
21.Bd4 Be7 22.h4 Ba6 23.Rd2 c5 24.Be3 Rd8 25.Rfd1 Rxd2 26.Rxd2 Bb5 27.Nf4 
Bf6 28.Nd5 Rd7 29.Nxf6+ gxf6 30.Rxd7 Bxd7 1/2-1/2

[Event "19th Dortmund Meeting"]
[Site "Dortmund GER"]
[Date "1991.??.??"]
[Round "1"]
[White "Georgiev, Kiril"]
[Black "Stohl, Igor"]
[WhiteElo "2585"]
[BlackElo "2550"]
[Result "1-0"]
[EventDate "1991.03.23"]
[PlyCount "81"]

1.d4 Nf6 2.c4 g6 3.Nf3 Bg7 4.g3 O-O 5.Bg2 d5 6.O-O dxc4 7.Na3 Na6 8.Nxc4 
c5 9.b3 Bf5 10.Bb2 Be4 11.Rc1 cxd4 12.Qxd4 Qxd4 13.Nxd4 Rfd8 14.f3 Bd5 15.
Na5 Ng4 16.fxg4 Bxg2 17.Kxg2 Bxd4 18.Ba3 Bf6 19.Nxb7 Rd2 20.Rc6 Rb8 21.
Rxa6 Rxb7 22.Bc5 Rc7 23.b4 Rxe2+ 24.Rf2 Re4 25.Kf3 Rc4 26.Rd2 Kg7 27.a3 e5
28.Re2 Rd7 29.Rxa7 Rd3+ 30.Kg2 Rxg4 31.Ra8 h5 32.Bf8+ Kg8 33.Bc5+ Kg7 34.
Rf2 Rd8 35.Ra6 Bg5 36.Ra7 Rd2 37.Rxf7+ Kg8 38.Rf8+ Kg7 39.Rxd2 Bxd2 40.Rf2
Bc3 41.Rc2 1-0

[Event "19th Dortmund Meeting"]
[Site "Dortmund GER"]
[Date "1991.??.??"]
[Round "1"]
[White "Knaak, Rainer"]
[Black "Smagin, Sergei"]
[WhiteElo "2515"]
[BlackElo "2550"]
[Result "1-0"]
[EventDate "1991.03.23"]
[PlyCount "77"]

1.d4 d5 2.c4 c6 3.Nf3 Nf6 4.Nc3 e6 5.Bg5 Nbd7 6.cxd5 exd5 7.e3 Be7 8.Bd3 
O-O 9.Qc2 Re8 10.h3 Nf8 11.Bf4 Bd6 12.Bxd6 Qxd6 13.O-O-O a5 14.Kb1 b5 15.
g4 a4 16.g5 N6d7 17.h4 a3 18.b3 b4 19.Na4 Rxa4 20.bxa4 c5 21.Bb5 c4 22.Ka1
Ba6 23.h5 Bxb5 24.axb5 Rb8 25.Nd2 Rxb5 26.f4 Qb6 27.f5 b3 28.Qc3 Qb8 29.g6
Nf6 30.gxf7+ Kxf7 31.e4 Qf4 32.Rhe1 Kg8 33.axb3 cxb3 34.e5 Ne8 35.Nxb3 
Qxf5 36.Rf1 Qxh5 37.Rd2 Ne6 38.Qc6 Rxb3 39.Qxe6+ 1-0

[Event "19th Dortmund Meeting"]
[Site "Dortmund GER"]
[Date "1991.??.??"]
[Round "1"]
[White "Schmittdiel, Eckhard"]
[Black "Kindermann, Stefan"]
[WhiteElo "2485"]
[BlackElo "2515"]
[Result "1/2-1/2"]
[EventDate "1991.03.23"]
[PlyCount "38"]

1.e4 e6 2.d4 d5 3.Nc3 Bb4 4.Qd3 dxe4 5.Qxe4 Nf6 6.Qh4 Bd7 7.Bd3 Bc6 8.Ne2 
Nbd7 9.Bd2 Nd5 10.Qg3 N7f6 11.O-O-O Bd6 12.Qh3 Nxc3 13.Nxc3 Qe7 14.f3 Bb4 
15.Ne4 Bxd2+ 16.Rxd2 O-O-O 17.c3 h6 18.Nxf6 Qxf6 19.Qg3 g5 1/2-1/2

[Event "19th Dortmund Meeting"]
[Site "Dortmund GER"]
[Date "1991.??.??"]
[Round "2"]
[White "Kindermann, Stefan"]
[Black "Georgiev, Kiril"]
[WhiteElo "2515"]
[BlackElo "2585"]
[Result "1/2-1/2"]
[EventDate "1991.03.23"]
[PlyCount "73"]

1.e4 c5 2.Nf3 d6 3.d4 cxd4 4.Nxd4 Nf6 5.Nc3 g6 6.Be3 Bg7 7.f3 Nc6 8.Bc4 
O-O 9.Qd2 Bd7 10.O-O-O Ne5 11.Bb3 Rc8 12.Bg5 Nc4 13.Bxc4 Rxc4 14.e5 dxe5 
15.Nde2 Rc7 16.Bxf6 exf6 17.Nb5 Bf5 18.Nxc7 Qxc7 19.Nc3 Rc8 20.Kb1 Be6 21.
Ne4 Qc4 22.b3 Qc6 23.c4 f5 24.Ng5 Bxc4 25.Rc1 Qb5 26.Rhd1 e4 27.Rxc4 Rxc4 
28.Qd8+ Bf8 29.Nxf7 Kxf7 30.Rd7+ Kg8 31.Qe8 Rc1+ 32.Kxc1 Qc5+ 33.Kb2 Qf2+ 
34.Kc3 Qe3+ 35.Kc2 Qc5+ 36.Kb2 Qf2+ 37.Kc3 1/2-1/2

[Event "19th Dortmund Meeting"]
[Site "Dortmund GER"]
[Date "1991.??.??"]
[Round "2"]
[White "Knaak, Rainer"]
[Black "Chernin, Alexander"]
[WhiteElo "2515"]
[BlackElo "2610"]
[Result "1/2-1/2"]
[EventDate "1991.03.23"]
[PlyCount "45"]

1.d4 Nf6 2.c4 e6 3.Nc3 Bb4 4.e3 O-O 5.Bd3 c5 6.Ne2 d5 7.cxd5 cxd4 8.exd4 
Nxd5 9.a3 Bd6 10.Bc2 Nxc3 11.Qd3 g6 12.bxc3 e5 13.Qf3 exd4 14.cxd4 Nc6 15.
O-O Qh4 16.h3 Nxd4 17.Nxd4 Qxd4 18.Bh6 Re8 19.Rad1 Qe5 20.Rxd6 Qxd6 21.Bb3
Qe7 22.Bg5 Qf8 23.Bh6 {Ftacnik,L} 1/2-1/2

[Event "19th Dortmund Meeting"]
[Site "Dortmund GER"]
[Date "1991.??.??"]
[Round "2"]
[White "Smagin, Sergei"]
[Black "Stohl, Igor"]
[WhiteElo "2550"]
[BlackElo "2550"]
[Result "0-1"]
[EventDate "1991.03.23"]
[PlyCount "76"]

1.e4 c5 2.Nf3 d6 3.d4 cxd4 4.Nxd4 Nf6 5.Nc3 e6 6.g3 Nc6 7.Bg2 Bd7 8.O-O 
Be7 9.Ndb5 Qb8 10.a4 O-O 11.Bg5 Rd8 12.Re1 a6 13.Na3 Qc7 14.Be3 Ne5 15.h3 
Bc6 16.a5 Qxa5 17.Nc4 Qb4 18.Nb6 Rab8 19.Bd4 Ned7 20.Nbd5 exd5 21.exd5 Ne5
22.dxc6 bxc6 23.Ra4 Qb7 24.Qe2 Bf8 25.b3 Re8 26.Qf1 Ra8 27.Rea1 d5 28.Rxa6
Rxa6 29.Rxa6 Ned7 30.Qa1 Bc5 31.Bxc5 Nxc5 32.Ra7 Qb8 33.Bf3 h5 34.Ne2 Nce4
35.Nd4 c5 36.Nf5 d4 37.Ne7+ Kf8 38.Qa5 Qd6 0-1

[Event "19th Dortmund Meeting"]
[Site "Dortmund GER"]
[Date "1991.??.??"]
[Round "3"]
[White "Chernin, Alexander"]
[Black "Smagin, Sergei"]
[WhiteElo "2610"]
[BlackElo "2550"]
[Result "1/2-1/2"]
[EventDate "1991.03.23"]
[PlyCount "42"]

1.d4 d5 2.c4 c6 3.Nc3 e5 4.cxd5 cxd5 5.Nf3 e4 6.Ne5 Nc6 7.Bf4 Bb4 8.Nxc6 
bxc6 9.Qa4 Qb6 10.Rc1 Ne7 11.e3 O-O 12.Qb3 Ng6 13.Bg3 f5 14.a3 Be7 15.Qxb6
axb6 16.Bc7 f4 17.Bxb6 fxe3 18.fxe3 Rb8 19.Na4 Ra8 20.Nc3 Rb8 21.Na4 Ra8 {
Ftacnik,L} 1/2-1/2

[Event "19th Dortmund Meeting"]
[Site "Dortmund GER"]
[Date "1991.??.??"]
[Round "3"]
[White "Schmittdiel, Eckhard"]
[Black "Razuvaev, Yury"]
[WhiteElo "2485"]
[BlackElo "2585"]
[Result "1/2-1/2"]
[EventDate "1991.03.23"]
[PlyCount "36"]

1.e4 c5 2.c3 e6 3.d4 d5 4.exd5 exd5 5.Nf3 Nc6 6.Bb5 Bd6 7.dxc5 Bxc5 8.O-O 
Ne7 9.Nbd2 O-O 10.Nb3 Bd6 11.Re1 h6 12.Be3 Bg4 13.h3 Bh5 14.Bc5 a6 15.Be2 
Re8 16.Bxd6 Qxd6 17.Nfd4 Bg6 18.Nxc6 Nxc6 1/2-1/2

[Event "19th Dortmund Meeting"]
[Site "Dortmund GER"]
[Date "1991.??.??"]
[Round "3"]
[White "Stohl, Igor"]
[Black "Kindermann, Stefan"]
[WhiteElo "2550"]
[BlackElo "2515"]
[Result "1-0"]
[EventDate "1991.03.23"]
[PlyCount "67"]

1.Nf3 Nf6 2.c4 g6 3.g3 Bg7 4.Bg2 O-O 5.d4 d6 6.Nc3 Nc6 7.O-O a6 8.d5 Na5 
9.Nd2 c5 10.Qc2 Rb8 11.b3 b5 12.Bb2 Bh6 13.f4 bxc4 14.bxc4 e5 15.dxe6 Bxe6
16.Nd5 Bxd5 17.cxd5 Ng4 18.Nb3 f5 19.h3 Nf6 20.Nd2 Nh5 21.Kh2 Re8 22.e4 
Rxb2 23.Qxb2 Bg7 24.Qc2 Bxa1 25.Rxa1 Qf6 26.Qa4 Re7 27.Qxa5 Qxa1 28.Qd8+ 
Kf7 29.Nc4 Qf6 30.Nxd6+ Kg7 31.e5 Qf8 32.Qb6 g5 33.Qxc5 Kg6 34.Nxf5 1-0

[Event "19th Dortmund Meeting"]
[Site "Dortmund GER"]
[Date "1991.??.??"]
[Round "4"]
[White "Knaak, Rainer"]
[Black "Schmittdiel, Eckhard"]
[WhiteElo "2515"]
[BlackElo "2485"]
[Result "1-0"]
[EventDate "1991.03.23"]
[PlyCount "111"]

1.d4 Nf6 2.c4 e6 3.Nc3 Bb4 4.e3 O-O 5.Bd3 d5 6.Nf3 c5 7.O-O Nc6 8.a3 Bxc3 
9.bxc3 dxc4 10.Bxc4 Qc7 11.Be2 e5 12.Qc2 Bg4 13.d5 Ne7 14.e4 c4 15.Ne1 
Bxe2 16.Qxe2 Nd7 17.a4 Nc8 18.Ba3 Nd6 19.Bxd6 Qxd6 20.Nc2 f5 21.exf5 Qxd5 
22.Rfd1 Qf7 23.Ne3 Rac8 24.Rd5 Rfe8 25.Rb5 Nf6 26.Qf3 e4 27.Qf4 Rcd8 28.g4
Nd5 29.Nxd5 Rxd5 30.Rxd5 Qxd5 31.Re1 Qc6 32.g5 Qd5 33.h4 Re5 34.Qg4 Rxf5 
35.Rxe4 Qc5 36.Qe2 h6 37.g6 Qc6 38.Qxc4+ Qxc4 39.Rxc4 Kf8 40.Rc7 Rf4 41.h5
Rf5 42.Rxb7 Rxh5 43.Rf7+ Kg8 44.f4 Ra5 45.c4 Rxa4 46.Rc7 Kf8 47.f5 a5 48.
c5 Rc4 49.c6 a4 50.Rf7+ Ke8 51.Rxg7 Rxc6 52.Ra7 Kf8 53.Rxa4 Rc5 54.Rf4 Kg7
55.f6+ Kf8 56.Rg4 {Ftacnik,L} 1-0

[Event "19th Dortmund Meeting"]
[Site "Dortmund GER"]
[Date "1991.??.??"]
[Round "4"]
[White "Smagin, Sergei"]
[Black "Kindermann, Stefan"]
[WhiteElo "2550"]
[BlackElo "2515"]
[Result "0-1"]
[EventDate "1991.03.23"]
[PlyCount "68"]

1.e4 e6 2.d4 d5 3.Nd2 Nf6 4.e5 Nfd7 5.c3 c5 6.f4 Nc6 7.Ngf3 Qb6 8.c4 cxd4 
9.cxd5 exd5 10.Nb3 Nc5 11.Nxc5 Bxc5 12.a3 d3 13.Bxd3 Bg4 14.b4 Be3 15.Qe2 
Bxc1 16.Rxc1 Nd4 17.Qf2 Bxf3 18.gxf3 O-O 19.O-O f6 20.exf6 Qxf6 21.Qg3 
Rae8 22.Kh1 Re3 23.Rcd1 Qxf4 24.Qh3 g6 25.Qd7 Re5 26.Bc4 Kh8 27.Bxd5 Re2 
28.Qh3 Rf5 29.Rde1 Rxd5 30.Rxe2 Nxe2 31.Qc8+ Kg7 32.Qxb7+ Qf7 33.Qc6 Qd7 
34.Qc4 Ng3+ 0-1

[Event "19th Dortmund Meeting"]
[Site "Dortmund GER"]
[Date "1991.??.??"]
[Round "5"]
[White "Schmittdiel, Eckhard"]
[Black "Chernin, Alexander"]
[WhiteElo "2485"]
[BlackElo "2610"]
[Result "0-1"]
[EventDate "1991.03.23"]
[PlyCount "88"]

1.e4 d6 2.d4 Nf6 3.Nc3 g6 4.f4 Bg7 5.Nf3 c5 6.dxc5 Qa5 7.Bd3 Qxc5 8.Qe2 
Bg4 9.Be3 Qa5 10.O-O Nc6 11.h3 Bxf3 12.Qxf3 O-O 13.a3 Nd7 14.Rab1 Bxc3 15.
bxc3 Qxc3 16.Bc1 Rac8 17.Bb2 Qc5+ 18.Kh1 Nb6 19.e5 dxe5 20.f5 Nc4 21.Bc1 
Nd6 22.Bh6 e4 23.Bxe4 Nd4 24.Qg4 Nxe4 25.fxg6 hxg6 26.Qxe4 Nf5 27.Rxf5 
Qxf5 28.Qxf5 gxf5 29.Bxf8 Kxf8 30.Rxb7 Rxc2 31.Rxa7 f4 32.Ra5 Kg7 33.Rf5 
Rc4 34.g3 fxg3 35.Kg2 Kg6 36.Rf3 f5 37.Kxg3 e5 38.Rb3 Kg5 39.Rb5 Rc3+ 40.
Kg2 Kf4 41.a4 Rc2+ 42.Kf1 e4 43.a5 e3 44.h4 Ke4 0-1

[Event "19th Dortmund Meeting"]
[Site "Dortmund GER"]
[Date "1991.??.??"]
[Round "5"]
[White "Uhlmann, Wolfgang"]
[Black "Smagin, Sergei"]
[WhiteElo "2510"]
[BlackElo "2550"]
[Result "1/2-1/2"]
[EventDate "1991.03.23"]
[PlyCount "88"]

1.c4 Nf6 2.Nc3 e6 3.Nf3 d5 4.d4 Nbd7 5.Bg5 c6 6.e3 Qa5 7.cxd5 Nxd5 8.Qd2 
Bb4 9.Rc1 O-O 10.Bd3 h6 11.Bh4 e5 12.O-O exd4 13.exd4 Re8 14.Bb1 Nf8 15.
Ne5 Be6 16.Qd3 Nf4 17.Qf3 N4g6 18.Bg3 Nxe5 19.Bxe5 f6 20.Bf4 Rad8 21.Qg3 
Qh5 22.Ne4 Qg4 23.a3 Qxg3 24.hxg3 Be7 25.Nc5 Bxc5 26.dxc5 Kf7 27.Bd6 Bd5 
28.b4 Re2 29.Bd3 Ra2 30.Rfe1 Ne6 31.Re3 h5 32.Be2 g6 33.g4 Rxe2 34.Rxe2 
hxg4 35.Rc3 g5 36.Rd2 a6 37.Re3 Rh8 38.a4 f5 39.Re5 f4 40.b5 axb5 41.axb5 
Ra8 42.Re1 Bc4 43.bxc6 bxc6 44.Rb2 Bd5 1/2-1/2

[Event "19th Dortmund Meeting"]
[Site "Dortmund GER"]
[Date "1991.??.??"]
[Round "6"]
[White "Chernin, Alexander"]
[Black "Georgiev, Kiril"]
[WhiteElo "2610"]
[BlackElo "2585"]
[Result "1-0"]
[EventDate "1991.03.23"]
[PlyCount "113"]

1.d4 Nf6 2.c4 e6 3.Nc3 Bb4 4.e3 O-O 5.Ne2 d5 6.a3 Be7 7.Nf4 c6 8.b3 Nbd7 
9.Bd3 dxc4 10.bxc4 e5 11.Nfe2 exd4 12.exd4 Re8 13.O-O Nf8 14.h3 Bd6 15.Qc2
Bc7 16.Rd1 Ng6 17.Rb1 Qd6 18.Ng3 Qxd4 19.Bxg6 Bxg3 20.Ne4 Rxe4 21.Bxe4 
Qxf2+ 22.Qxf2 Bxf2+ 23.Kxf2 Nxe4+ 24.Kf3 f5 25.Rd8+ Kf7 26.Be3 b6 27.Rbd1 
c5 28.Kf4 Nf6 29.Bc1 Kg6 30.Bb2 Nh5+ 31.Ke3 Kg5 32.Kf2 g6 33.Rf8 Bb7 34.
Rxa8 Bxa8 35.Rd7 a5 36.g3 f4 37.gxf4+ Kxf4 38.Rd6 Ng3 39.Rf6+ Nf5 40.Rxb6 
Ke4 41.Ra6 Bb7 42.Rxa5 Ne3 43.Rxc5 Nd1+ 44.Kg3 Nxb2 45.Rb5 Nxc4 46.Rxb7 
Nxa3 47.Kg4 h6 48.Re7+ Kd5 49.Kf4 Nc4 50.Re8 Nb2 51.Rd8+ Ke6 52.Rd4 Kf6 
53.Ke4 h5 54.Ke3 Ke5 55.h4 g5 56.hxg5 h4 57.Rxh4 {Ftacnik,L} 1-0

[Event "19th Dortmund Meeting"]
[Site "Dortmund GER"]
[Date "1991.??.??"]
[Round "6"]
[White "Razuvaev, Yury"]
[Black "Kindermann, Stefan"]
[WhiteElo "2585"]
[BlackElo "2515"]
[Result "1-0"]
[EventDate "1991.03.23"]
[PlyCount "67"]

1.d4 Nf6 2.c4 g6 3.Nc3 d5 4.cxd5 Nxd5 5.e4 Nxc3 6.bxc3 Bg7 7.Bc4 O-O 8.Ne2
b6 9.Bg5 Bb7 10.f3 Nc6 11.Qd2 Qd7 12.Bh6 Rad8 13.h4 Na5 14.Bd3 e5 15.Bxg7 
Kxg7 16.h5 Qe7 17.hxg6 fxg6 18.Qh6+ Kg8 19.Rd1 Rf7 20.O-O Rff8 21.Qe3 c5 
22.dxe5 Qxe5 23.f4 Qe7 24.Ng3 Kh8 25.e5 Bd5 26.f5 gxf5 27.Nxf5 Qe6 28.Nh6 
Qe7 29.Rde1 Be6 30.Rf6 Rxf6 31.exf6 Qxf6 32.Rf1 Qxc3 33.Qxe6 Qd4+ 34.Rf2 {

[Event "19th Dortmund Meeting"]
[Site "Dortmund GER"]
[Date "1991.??.??"]
[Round "7"]
[White "Kindermann, Stefan"]
[Black "Knaak, Rainer"]
[WhiteElo "2515"]
[BlackElo "2515"]
[Result "1-0"]
[EventDate "1991.03.23"]
[PlyCount "71"]

1.e4 e6 2.d4 d5 3.Nc3 Nf6 4.Bg5 Bb4 5.e5 h6 6.Bd2 Bxc3 7.bxc3 Ne4 8.Qg4 g6
9.Bd3 Nxd2 10.Kxd2 c5 11.Qf4 Nc6 12.Nf3 cxd4 13.cxd4 Qc7 14.Qf6 Rg8 15.
Rab1 Bd7 16.h4 Rc8 17.Ke2 Ne7 18.Qf4 Ba4 19.Rhc1 Rh8 20.Qf6 Rg8 21.h5 gxh5
22.Qxh6 Rxg2 23.Qxh5 Rg7 24.Ng5 Qd7 25.Nh7 Rxh7 26.Qxh7 Qc7 27.Qh8+ Kd7 
28.Qf6 Rf8 29.c4 dxc4 30.Bxc4 Qc6 31.Bxe6+ fxe6 32.Rxc6 Rxf6 33.Rd6+ Kc7 
34.exf6 Kxd6 35.fxe7 b6 36.Rg1 {C.Hansen} 1-0

[Event "19th Dortmund Meeting"]
[Site "Dortmund GER"]
[Date "1991.??.??"]
[Round "7"]
[White "Schmittdiel, Eckhard"]
[Black "Smagin, Sergei"]
[WhiteElo "2485"]
[BlackElo "2550"]
[Result "1/2-1/2"]
[EventDate "1991.03.23"]
[PlyCount "59"]

1.e4 e5 2.Nf3 Nc6 3.Bb5 a6 4.Ba4 Nf6 5.O-O Be7 6.Bxc6 dxc6 7.d3 Nd7 8.b3 
c5 9.Bb2 Bd6 10.a4 O-O 11.Nbd2 f6 12.Nc4 Nb8 13.Nfd2 Nc6 14.f4 exf4 15.
Nxd6 cxd6 16.Rxf4 Be6 17.Nc4 Qc7 18.Rf2 Bxc4 19.bxc4 Qd7 20.Qf3 Rae8 21.
Bc3 Rf7 22.a5 Ref8 23.Qg3 Ne5 24.h3 Qe8 25.Rb1 Qd7 26.Rf5 Qa4 27.Qf2 Qd7 
28.Qg3 Qa4 29.Qf2 Qd7 30.Qg3 1/2-1/2

[Event "19th Dortmund Meeting"]
[Site "Dortmund GER"]
[Date "1991.??.??"]
[Round "8"]
[White "Chernin, Alexander"]
[Black "Kindermann, Stefan"]
[WhiteElo "2610"]
[BlackElo "2515"]
[Result "1/2-1/2"]
[EventDate "1991.03.23"]
[PlyCount "34"]

1.c4 e5 2.g3 Nc6 3.Nc3 g6 4.Bg2 Bg7 5.e4 d6 6.Nge2 Nge7 7.d3 O-O 8.O-O f5 
9.Nd5 Be6 10.Be3 Qd7 11.Qd2 Rf7 12.Rac1 Raf8 13.b4 Nc8 14.b5 Nd8 15.exf5 
Bxf5 16.d4 c6 17.bxc6 Nxc6 1/2-1/2

[Event "19th Dortmund Meeting"]
[Site "Dortmund GER"]
[Date "1991.??.??"]
[Round "8"]
[White "Smagin, Sergei"]
[Black "Razuvaev, Yury"]
[WhiteElo "2550"]
[BlackElo "2585"]
[Result "1/2-1/2"]
[EventDate "1991.03.23"]
[PlyCount "33"]

1.e4 e5 2.Nf3 Nc6 3.Bb5 a6 4.Ba4 Nf6 5.O-O Be7 6.Re1 b5 7.Bb3 d6 8.c3 O-O 
9.d3 Na5 10.Bc2 c5 11.Nbd2 Bb7 12.Nf1 Re8 13.Ng3 Bf8 14.d4 cxd4 15.cxd4 
exd4 16.Nxd4 g6 17.b3 1/2-1/2

[Event "19th Dortmund Meeting"]
[Site "Dortmund GER"]
[Date "1991.??.??"]
[Round "9"]
[White "Kindermann, Stefan"]
[Black "Uhlmann, Wolfgang"]
[WhiteElo "2515"]
[BlackElo "2510"]
[Result "1/2-1/2"]
[EventDate "1991.03.23"]
[PlyCount "31"]

1.e4 e6 2.d4 d5 3.Nc3 Bb4 4.e5 Ne7 5.a3 Bxc3+ 6.bxc3 c5 7.Qg4 O-O 8.Bd3 f5
9.exf6 Rxf6 10.Bg5 Rf7 11.Qh4 h6 12.Bxe7 Qxe7 13.Qg3 Qf6 14.Nf3 Nc6 15.Rd1
Bd7 16.O-O 1/2-1/2

[Event "19th Dortmund Meeting"]
[Site "Dortmund GER"]
[Date "1991.??.??"]
[Round "9"]
[White "Razuvaev, Yury"]
[Black "Knaak, Rainer"]
[WhiteElo "2585"]
[BlackElo "2515"]
[Result "1-0"]
[EventDate "1991.03.23"]
[PlyCount "121"]

1.d4 e6 2.c4 d5 3.Nf3 c6 4.Qc2 Nf6 5.g3 dxc4 6.Qxc4 b5 7.Qb3 Bb7 8.Bg2 
Nbd7 9.O-O a5 10.Bg5 Qb6 11.a4 h6 12.Bxf6 Nxf6 13.Ne5 Bb4 14.Nd3 Be7 15.
Na3 b4 16.e3 Nd7 17.Nc4 Qc7 18.Nce5 Nxe5 19.Nxe5 c5 20.Bxb7 Qxb7 21.dxc5 
Qe4 22.Nd3 O-O 23.Rac1 Rfd8 24.Rfd1 Rac8 25.Qc4 Qf3 26.c6 Rd6 27.c7 Rd7 
28.Rd2 Rdxc7 29.Qxc7 Rxc7 30.Rxc7 Bf6 31.Rc5 Qa8 32.h4 Kh7 33.Kf1 Qd8 34.
Ke2 Be7 35.Ne5 Qa8 36.Rb5 Kg8 37.h5 b3 38.Rxb3 Bb4 39.Rd4 Qh1 40.Nd3 Qxh5+
41.g4 Qg5 42.Nxb4 e5 43.Rc4 axb4 44.Rbxb4 h5 45.a5 e4 46.a6 Qxg4+ 47.Kd2 
Qg1 48.Kc2 Qxf2+ 49.Kb1 Qxe3 50.Ra4 Qg1+ 51.Rc1 Qa7 52.Rc7 Qa8 53.a7 Kh7 
54.Rc8 Qxc8 55.a8=Q Qxa8 56.Rxa8 h4 57.Kc1 g5 58.Kd2 f5 59.Ke3 h3 60.Ra1 
Kg6 61.b4 1-0

[Event "19th Dortmund Meeting"]
[Site "Dortmund GER"]
[Date "1991.??.??"]
[Round "9"]
[White "Stohl, Igor"]
[Black "Schmittdiel, Eckhard"]
[WhiteElo "2550"]
[BlackElo "2485"]
[Result "1/2-1/2"]
[EventDate "1991.03.23"]
[PlyCount "29"]

1.c4 Nf6 2.Nc3 c5 3.Nf3 e6 4.g3 Be7 5.Bg2 O-O 6.O-O Nc6 7.d4 d5 8.cxd5 
exd5 9.Bg5 c4 10.Ne5 Be6 11.Nxc4 dxc4 12.Bxf6 Bxf6 13.d5 Bg4 14.dxc6 bxc6 
15.Qc2 1/2-1/2